[Event "Napoli Winter Cup 1st"]
[Site "Napoli"]
[Date "2017.02.02"]
[Round "3"]
[White "Mauro, Lucio"]
[Black "Esposito, Marco"]
[Result "1-0"]
[WhiteElo "1598"]
[BlackElo "1520"]
[PlyCount "141"]
[EventDate "2017.01.19"]
[EventType "swiss"]
[EventRounds "5"]
[EventCountry "ITA"]
[SourceTitle "EXT 2018"]
[Source "ChessBase"]
[SourceDate "2017.10.13"]
[SourceVersion "1"]
[SourceVersionDate "2017.10.13"]
[SourceQuality "1"]

1. e4 e6 2. d4 b6 3. Nd2 Bb7 4. Ngf3 c5 5. c3 Qc7 6. Be2 Nf6 7. Qc2 Nc6 8. Bd1 Be7 9. 0-0 h6 10. Re1 0-0-0 11. e5 Nh7 12. Ne4 f5 13. Ng3 g5 14. d5 g4 15. d6 Bxd6 16. exd6 Qxd6 17. Ne5 Nxe5 18. Bf4 Nf3+ 19. Bxf3 Qxf4 20. Bxb7+ Kxb7 21. Rad1 Nf6 22. c4 h5 23. Ne2 Qe4 24. Qa4 Qc6 25. Qb3 Ne4 26. Rd3 d5 27. Nf4 dxc4 28. Qxc4 Rxd3 29. Nxd3 Qd5 30. Qb5 c4 31. Qxd5+ exd5 32. Nb4 d4 33. Nc2 Rd8 34. Rd1 d3 35. Ne3 c3 36. bxc3 Nxc3 37. Rd2 f4 38. Nc4 Rd5 39. Kf1 b5 40. Nb2 Nxa2 41. Nd1 Nb4 42. f3 Nc2 43. Nf2 gxf3 44. gxf3 Nb4 45. h4 a5 46. Ne4 Rc5 47. Nxc5+ Kc6 48. Nxd3 Nxd3 49. Rxd3 b4 50. Ke1 Kc5 51. Kd2 a4 52. Kc2 Kc4 53. Rd8 b3+ 54. Kb2 Kb4 55. Rb8+ Kc4 56. Ka3 Kd3 57. Kxa4 b2 58. Rxb2 Ke3 59. Rb3+ Kf2 60. Rb5 Kxf3 61. Rxh5 Kg3 62. Rf5 f3 63. h5 Kg4 64. Rxf3 Kxf3 65. h6 Ke2 66. h7 Kd2 67. h8Q Kc2 68. Qh3 Kb1 69. Qg2 Ka1 70. Kb3 Kb1 71. Qb2# 1-0

[Event "Napoli Trofeo Caissa 2nd"]
[Site "Napoli"]
[Date "2016.12.15"]
[Round "6"]
[White "Mauro, Lucio"]
[Black "Esposito, Marco"]
[Result "1-0"]
[WhiteElo "1650"]
[BlackElo "1520"]
[PlyCount "48"]
[EventDate "2016.11.03"]
[EventType "swiss"]
[EventRounds "7"]
[EventCountry "ITA"]
[SourceTitle "EXT 2018"]
[Source "ChessBase"]
[SourceDate "2017.10.13"]
[SourceVersion "1"]
[SourceVersionDate "2017.10.13"]
[SourceQuality "1"]

1. e4 c5 2. Nf3 e6 3. d4 cxd4 4. Nxd4 b6 5. c3 Bb7 6. Bd3 Nf6 7. f3 Nc6 8. Nxc6 Bxc6 9. Be3 Qc7 10. 0-0 0-0-0 11. Qe2 d5 12. Nd2 Bd6 13. g3 h5 14. Bg5 Rdg8 15. Kh1 Nh7 16. Be3 g5 17. f4 g4 18. e5 d4+ 19. Ne4 Be7 20. Bxd4 f5 21. exf6 Nxf6 22. Ba6+ Kb8 23. Be5 Qxe5 24. fxe5 Bxe4+ 1-0

[Event "Napoli Autunno Vomero op-B"]
[Site "Napoli"]
[Date "2016.10.20"]
[Round "7"]
[White "Orefice, Matteo"]
[Black "Esposito, Marco"]
[Result "1-0"]
[WhiteElo "1440"]
[BlackElo "1440"]
[PlyCount "75"]
[EventDate "2016.09.08"]
[EventType "swiss"]
[EventRounds "7"]
[EventCountry "ITA"]
[SourceTitle "EXT 2018"]
[Source "ChessBase"]
[SourceDate "2017.10.13"]
[SourceVersion "1"]
[SourceVersionDate "2017.10.13"]
[SourceQuality "1"]

1. e4 c5 2. Nf3 Nc6 3. d4 e6 4. Nc3 a6 5. g3 Qc7 6. Bg2 b6 7. 0-0 f6 8. Re1 Bd6 9. a3 h5 10. e5 Be7 11. Qd3 f5 12. d5 Bb7 13. dxc6 Qxc6 14. h4 0-0-0 15. Bf4 Nh6 16. Bxh6 Rxh6 17. Red1 g5 18. Ne1 Qc7 19. Bxb7+ Qxb7 20. hxg5 Bxg5 21. Qf3 Qb8 22. Nd3 h4 23. Kg2 h3+ 24. Kh2 Rf8 25. b3 Kc7 26. Nf4 Rfh8 27. Qd3 Qc8 28. Qd6+ Kd8 29. Nxe6+ Rxe6 30. Qxe6 Qb7 31. f3 f4 32. g4 Bh4 33. Ne4 Bg3+ 34. Nxg3 fxg3+ 35. Kxg3 Rf8 36. Rd5 Re8 37. Qd6 Re6 38. Qxe6 1-0

[Event "Napoli Autunno Vomero op-B"]
[Site "Napoli"]
[Date "2016.10.06"]
[Round "5"]
[White "Chiaiese, Luciano"]
[Black "Esposito, Marco"]
[Result "0-1"]
[WhiteElo "1525"]
[BlackElo "1440"]
[PlyCount "66"]
[EventDate "2016.09.08"]
[EventType "swiss"]
[EventRounds "7"]
[EventCountry "ITA"]
[SourceTitle "EXT 2018"]
[Source "ChessBase"]
[SourceDate "2017.10.13"]
[SourceVersion "1"]
[SourceVersionDate "2017.10.13"]
[SourceQuality "1"]

1. Nf3 c5 2. g3 e6 3. Bg2 Qc7 4. d3 Bd6 5. Nc3 a6 6. Ne4 Nc6 7. Nxd6+ Qxd6 8. 0-0 b6 9. Bf4 Qe7 10. Ne5 Bb7 11. Nc4 g5 12. Bc7 d5 13. Nxb6 Qxc7 14. Nxa8 Bxa8 15. Qd2 Qe7 16. Qc3 Nf6 17. e4 d4 18. Qd2 g4 19. Qe2 h5 20. f3 Ne5 21. f4 Nc6 22. c3 h4 23. cxd4 Nxd4 24. Qd1 Bc6 25. e5 Nd5 26. Bxd5 exd5 27. Qxg4 Bd7 28. Qg7 Qf8 29. Qf6 hxg3 30. Qxa6 Ne2+ 31. Kg2 Rxh2+ 32. Kf3 Nd4+ 33. Ke3 Re2# 0-1

[Event "FICGS rapid D 000043 email"]
[Site "FICGS email"]
[Date "2010.06.20"]
[Round "1"]
[White "Zaunerciks, Ilmars"]
[Black "Esposito, Marco"]
[Result "0-1"]
[WhiteElo "1414"]
[BlackElo "1500"]
[PlyCount "112"]
[EventDate "2010.??.??"]
[EventType "tourn (rapid)"]
[EventRounds "6"]
[SourceTitle "Corr 2013"]
[Source "ChessBase"]
[SourceDate "2012.11.12"]
[SourceVersion "1"]
[SourceVersionDate "2012.11.12"]
[SourceQuality "1"]

1. e4 e5 2. Nf3 Nc6 3. Bb5 Nf6 4. 0-0 d6 5. Re1 Bg4 6. c3 g6 7. d4 Bg7 8. d5 a6 9. Bxa6 Rxa6 10. dxc6 bxc6 11. Qd3 Qa8 12. Na3 Qa7 13. Be3 Qb7 14. Nd2 0-0 15. h3 Be6 16. Nb3 Rfa8 17. Nc4 Rxa2 18. Nba5 Bxc4 19. Qxc4 R2xa5 20. Rad1 c5 21. Bg5 Ra1 22. Rxa1 Rxa1 23. Rxa1 Qxb2 24. Ra8+ Bf8 25. Bxf6 Qc1+ 26. Kh2 Qf4+ 27. Kg1 Qxf6 28. Rc8 Qe7 29. Qb5 h5 30. Qb8 f5 31. Rxc7 Qf6 32. exf5 gxf5 33. Qb7 f4 34. Qd5+ Kh8 35. Qe4 Qh6 36. Qf5 h4 37. Rc8 Kg8 38. Qg4+ Kh8 39. Qf5 Kg8 40. Re8 Qg7 41. Qe6+ Qf7 42. Qxf7+ Kxf7 43. Rb8 d5 44. Rb7+ Be7 45. Kf1 d4 46. cxd4 cxd4 47. Ke2 Ke6 48. Kd3 Kd6 49. Ke4 Bf8 50. Rh7 Kc5 51. Kxe5 d3 52. Kxf4 d2 53. Rd7 Bd6+ 54. Kf3 d1Q+ 55. Ke3 Bf4+ 56. Kxf4 Qxd7 0-1

[Event "SEMI Italia Scacchistica B email"]
[Site "SEMI email"]
[Date "1999.??.??"]
[Round "?"]
[White "Bandiera, Aurelio"]
[Black "Esposito, Marco"]
[Result "1/2-1/2"]
[WhiteElo "1779"]
[BlackElo "1809"]
[PlyCount "35"]
[EventDate "1999.??.??"]
[EventType "tourn (corr)"]
[EventRounds "10"]
[EventCountry "ITA"]
[SourceTitle "Corr 2008"]
[Source "ChessBase"]
[SourceDate "2008.06.24"]
[SourceVersion "1"]
[SourceVersionDate "2008.06.24"]
[SourceQuality "1"]

1. d4 d5 2. Nf3 Nf6 3. Bf4 c6 4. e3 Qb6 5. Qc1 Bf5 6. Nbd2 Nh5 7. Nh4 Be6 8. Bxb8 Rxb8 9. Bd3 g6 10. Nhf3 h6 11. Ne5 Nf6 12. 0-0 Bg7 13. c4 0-0 14. c5 Qc7 15. f4 Nd7 16. Ndf3 Bf5 17. Bxf5 gxf5 18. Nxd7 1/2-1/2

[Event "SEMI Italia Scacchistica B email"]
[Site "SEMI email"]
[Date "1999.??.??"]
[Round "?"]
[White "Giorgetti, Fosco"]
[Black "Esposito, Marco"]
[Result "1-0"]
[WhiteElo "1879"]
[BlackElo "1809"]
[PlyCount "97"]
[EventDate "1999.??.??"]
[EventType "tourn (corr)"]
[EventRounds "10"]
[EventCountry "ITA"]
[SourceTitle "Corr 2008"]
[Source "ChessBase"]
[SourceDate "2008.06.24"]
[SourceVersion "1"]
[SourceVersionDate "2008.06.24"]
[SourceQuality "1"]

1. b4 e5 2. Bb2 Bxb4 3. Bxe5 Nf6 4. c4 0-0 5. e3 d5 6. Nf3 Be7 7. Nc3 Nbd7 8. Bg3 Nb6 9. Nxd5 Nbxd5 10. cxd5 Nxd5 11. Bc4 c5 12. Ne5 Nb6 13. Bb3 Bf6 14. d4 Qe7 15. 0-0 Be6 16. Bxe6 Qxe6 17. Qf3 cxd4 18. exd4 Qd5 19. Qxd5 Nxd5 20. Rab1 b6 21. Rfc1 Bg5 22. Rc4 Rac8 23. Nc6 Rfe8 24. h4 Bf6 25. Rbc1 a6 26. a4 g5 27. hxg5 Bxg5 28. R1c2 Re1+ 29. Kh2 Rce8 30. Nb4 R8e6 31. Be5 f6 32. Nxd5 fxe5 33. Rc8+ Kg7 34. R2c7+ Kh6 35. dxe5 R1xe5 36. Rc6 Rg6 37. Nxb6 Re2 38. Rxg6+ hxg6 39. Kg3 Rb2 40. Nc4 Rb4 41. a5 Ra4 42. f4 Be7 43. Rc6 Kg7 44. Ne5 Rxa5 45. Rxg6+ Kf8 46. Kg4 Ra2 47. Kf5 a5 48. Rb6 Rd2 49. Ng6+ 1-0